000 00472cam a2200181ua 4500
020 _c75.00
041 _aeng
_h
082 _a519.506 3
_bRAO/ST
100 _aNageswara Rao, G.
245 _aStatistics for agricultural science /
_cG Nageswara Rao.
_hTextual Documents
260 _aNew Delhi :
_bOxford & IBH Publishing company ,
_c1983.
300 _a392 ; .
365 _a75.00
504 _a
942 _cBK
999 _c9130
_d9130